000 00184nam a2200073Ia 4500
008 170523s9999 xx 000 0 und d
100 _aBaker- R.J.
245 0 _aCMOS Mixed-Signal Circuit Design
260 _aWiley India
999 _c11995
_d11995